Theory and Practicals of Engineering Chemistry (Record no. 10631)

MARC details
000 -LEADER
fixed length control field 00403nam a22001697a 4500
003 - CONTROL NUMBER IDENTIFIER
control field OSt
008 - FIXED-LENGTH DATA ELEMENTS--GENERAL INFORMATION
fixed length control field 210518b ||||| |||| 00| 0 eng d
020 ## - INTERNATIONAL STANDARD BOOK NUMBER
International Standard Book Number 9789380027852
082 ## - DEWEY DECIMAL CLASSIFICATION NUMBER
Classification number 540 RAT
100 ## - MAIN ENTRY--PERSONAL NAME
Personal name RATTAN, Sunita
245 ## - TITLE STATEMENT
Title Theory and Practicals of Engineering Chemistry
250 ## - EDITION STATEMENT
Edition statement 5th
260 ## - PUBLICATION, DISTRIBUTION, ETC. (IMPRINT)
Place of publication, distribution, etc New Delhi
Name of publisher, distributor, etc Katson
Date of publication, distribution, etc 2018
300 ## - PHYSICAL DESCRIPTION
Extent 465
650 ## - SUBJECT ADDED ENTRY--TOPICAL TERM
Topical term or geographic name as entry element Applied Sc
942 ## - ADDED ENTRY ELEMENTS (KOHA)
Source of classification or shelving scheme Dewey Decimal Classification
Koha item type Text Books
Holdings
Withdrawn status Lost status Source of classification or shelving scheme Damaged status Not for loan Collection code Home library Current library Date acquired Source of acquisition Currency Cost, normal purchase price Bill Number Total Checkouts Full call number Acc. no. / Barcode Date last seen Date last borrowed Actual Cost, discounted price Bill Date Koha item type
    Dewey Decimal Classification     Applied Sc. PIET C-LIBRARY PIET C-LIBRARY 13/04/2021 Kirti Praskshan IN Rupees 395.00 IN2034 2 540 RAT 32766 28/10/2024 15/10/2024 288.35 13/04/2021 Text Books
    Dewey Decimal Classification     Applied Sc. PIET C-LIBRARY PIET C-LIBRARY 13/04/2021 Kirti Praskshan IN Rupees 395.00 IN2034 2 540 RAT 32767 04/11/2024 15/10/2024 288.35 13/04/2021 Text Books

Design & Developed by: PIET Central Library
R70 Miles Stone Pattikalyana Samalkha Panipat 132102
mail ID :- [email protected], Phone No:- 0180-2569700 Ex.216